Make a Name for Yourself Quiz Stats

Quiz Updated Aug 26, 2016

Challenge
Share
Tweet
Embed
Score 0/34 Timer 09:00
0 Plays Today
Clue Name % Correct
Ma's partnerPatrick
82.7%
Little Red Riding Hood's deceiverWolfgang
81.2%
It's mightier than the swordPenelope
81%
Mark cattleBrandon
80%
German 'yes'Jacob
79%
____-to-orderMadeline
74.1%
The Red PlanetMarshall
73.8%
VictoriesWinston
73.7%
Not spicyMildred
73.3%
What fire providesHeather
72%
Switzerland's capitalBernice
68.2%
Wine, in FrenchVincent
68%
Start of a magician's cryAbraham
68%
Where kids may go in the summerCampbell
67.6%
Burn on the grillCharlie
67.1%
Berlin's came down in 1989Wallace
67%
Pigeon's soundCooper
61.6%
Clue Name % Correct
Sedan or convertibleCarson
59.1%
Bale on a farmHayden
58.3%
___ Beta KappaPhilip
57.1%
Worker who digs out oreMinerva
56.8%
Pro's oppositeConstance
56.3%
Alternative to iron, in golfWoodrow
54.3%
__ Captain! My Captain!Oliver
48.3%
12-___ programStephen
47.3%
Country west of SudanChadwick
45.7%
RhythmBeatrice
43.3%
Opposite of noirBlanche
42.6%
Goulash or chili con carneStewart
40.3%
U.S. currency (abbrev.)Dolores
37.8%
Stories passed down through generationsLorelei
37.1%
Feature that gave Al Capone his nicknameScarlet
33.1%
Neighbor of Ind. and Wisc. (abbrev.)Michelle
29.6%
Shorter form of 'Hello'Hiram
22.6%

You're not logged in!

Compare scores with friends on all Sporcle quizzes.
Sign Up with Email
OR
Log In

You Might Also Like...

Show Comments

Extras

Top Quizzes Today


Score Distribution

Your Account Isn't Verified!

In order to create a playlist on Sporcle, you need to verify the email address you used during registration. Go to your Sporcle Settings to finish the process.